| 000 | 00402nam a22001457a 4500 | ||
|---|---|---|---|
| 005 | 20250516103507.0 | ||
| 008 | 250516b |||||||| |||| 00| 0 eng d | ||
| 020 | _a0849932637 | ||
| 100 |
_a Hart, Archibald D _lEnglish language |
||
| 245 |
_a Adrenalin and Stress _c Hart, Archibald D. |
||
| 260 |
_aDallas-London, _bWord publishing _c1991. |
||
| 300 |
_axiii, _b209p; _c17cm. |
||
| 500 | _5kku | ||
| 942 | _2lcc | ||
| 999 |
_c83 _d83 |
||